000 00648nam a2200193Ii 4500
003 JO-AjNU
008 230605s9999||||xx |||||||||||||| ||und||
040 _aJO-AjNU
_bara
_erda
_cJO-AjNU
041 _aara
050 1 4 _aB821.P4712.1989
100 3 _aبري،رالف بارتون ، الجيوسي،سلمى الخضراء/ترجمة,
_eauthor
_913816
245 0 0 _aإنسانية الإنسان
264 3 1 _aبيروت:مؤسسة المعارف ،1989
300 _a230ص
336 _atext
_btxt
_2rdacontent
337 _aunmediated
_bn
_2rdamedia
338 _avolume
_bnc
_2rdacarrier
650 4 _a الإنسانية -- فلسفة
_913817
999 _aA3537
_c7105
_d7105